Skylines (Record no. 10399)

MARC details
000 -LEADER
fixed length control field 01101nam a2200265Ia 4500
003 - CONTROL NUMBER IDENTIFIER
control field IN-BaIIA
008 - FIXED-LENGTH DATA ELEMENTS--GENERAL INFORMATION
fixed length control field 211028s9999 xx 000 0 eng d
020 ## - INTERNATIONAL STANDARD BOOK NUMBER
International Standard Book Number 0-937707-35-X
040 ## - CATALOGING SOURCE
Transcribing agency IIA Library
080 ## - UNIVERSAL DECIMAL CLASSIFICATION NUMBER
Universal Decimal Classification number 082.2:52
Item number ASP-16
111 ## - MAIN ENTRY--MEETING NAME
Meeting name or jurisdiction name as entry element Haystack Observatory Conference on Atoms, Ions, and Molecules
Number of part/section/meeting 3rd
Location of meeting USA
Date of meeting or treaty signing 1990 May 23-25
9 (RLIN) 17671
245 #0 - TITLE STATEMENT
Title Skylines
Remainder of title proceedings of the Third Haystack Observatory Conference on atoms, ions, and molecules : new results in spectral line astrophysics, Westford Massachsetts, USA, May 23-25, 1990
Statement of responsibility, etc. edited by Aubrey D. Haschick and Paul T. P Ho .
260 ## - PUBLICATION, DISTRIBUTION, ETC.
Place of publication, distribution, etc. San Francisco
Name of publisher, distributor, etc. Astronomical Society of the Pacific
Date of publication, distribution, etc. 1991
300 ## - PHYSICAL DESCRIPTION
Extent xiii, 474p.
490 ## - SERIES STATEMENT
Series statement ASP conference series; v. 16
650 ## - SUBJECT ADDED ENTRY--TOPICAL TERM
Topical term or geographic name entry element Astronomy and Astrophysics Thesaurus
650 ## - SUBJECT ADDED ENTRY--TOPICAL TERM
Topical term or geographic name entry element Astrophysics
9 (RLIN) 794
650 ## - SUBJECT ADDED ENTRY--TOPICAL TERM
Topical term or geographic name entry element Atoms
9 (RLIN) 1137
650 ## - SUBJECT ADDED ENTRY--TOPICAL TERM
Topical term or geographic name entry element Ions
9 (RLIN) 17672
650 ## - SUBJECT ADDED ENTRY--TOPICAL TERM
Topical term or geographic name entry element Spectral lines
700 ## - ADDED ENTRY--PERSONAL NAME
Personal name Haschick, Aubrey D., ed.
9 (RLIN) 17673
700 ## - ADDED ENTRY--PERSONAL NAME
Personal name Ho, Paul T. P.,ed.
9 (RLIN) 17674
710 ## - ADDED ENTRY--CORPORATE NAME
Corporate name or jurisdiction name as entry element Haystack Observatory
9 (RLIN) 17675
942 ## - ADDED ENTRY ELEMENTS (KOHA)
Koha item type Books
Holdings
Withdrawn status Lost status Damaged status Not for loan Home library Current library Shelving location Date acquired Total Checkouts Full call number Barcode Date last seen Price effective from Koha item type
        IIA Library-Bangalore IIA Library-Bangalore General Stacks 11/08/1992   082.2:52/ ASP-16 11309 05/11/2021 11/08/1992 Books

Powered by Koha